000 00409nam a2200157Ia 4500
008 210716s2008 xx 000 0 und d
020 _a9788120335615
041 _aeng
082 _a658.02 SAPR
100 _aSapru, R K.
245 _aAdministrative theories and management thought.
250 _a3
260 _aNew Delhi
_bPHI Learning Pvt Ltd
_c2008
300 _axxix,598/2016
650 _aMANAGEMENT
999 _c209850
_d209850